| 000 | 01072pab a2200133 454500 | ||
|---|---|---|---|
| 008 | 180718b xxu||||| |||| 00| 0 eng d | ||
| 100 | _aHamid, Ahmad Sarji Bin Abdul | ||
| 245 | _aAccountability in the public service | ||
| 520 | _aThe author believe that his or her behaviour in respect of accountability obligations, will set the tone for the department as a whole. Therefore, it is absolutely vital that the Head of Department strives to create a culture where the practice of accountability is internalized as a core value within the department . As such, the discharge of accountablity obligations, must not be treated as mere routine function that needs to be carried out because of external imposition. for example, we should not treat the process of financial auditing as a bothersome annual affair but should strive to provide the necessary information required of us in a responsible manner. And we can only do this if we are constanly aw | ||
| 650 | _a Public Service | ||
| 650 | _aCivil Service | ||
| 773 | _aAsian Review of Public Administration | ||
| 909 | _a21966 | ||
| 999 |
_c21966 _d21966 |
||